000
00356nam a2200157Ia 4500
003
0STCL
008
150530s9999 xx 000 0 und d
040
_a
STCL
_c
STCL
100
_a
Victor Hugo; Isabel Hapgood, F.; Tr
245
_a
Les miserables
260
_c
1955
546
_a
English
942
_2
ddc
_c
BK
999
_c
61749
_d
61749
005
20220125171156.0